00432nam a2200109Ia 4500008004100000100003100041245013800072260001600210300001200226650001600238856006800254160712s9999 xx 000 0 und d aCanilao, Michael Armand P. cMichael Armand P. CanilaoaProposal for a Surface Archaeology Methodology in Bluff lands Archaeology (the Cordillera region of Luzon) c2013bHukay avol. 18 xARCHAEOLOGY uhttp://journals.upd.edu.ph/index.php/asp/issue/view/408/showToc